[Event "Mittelfranken-chTB2b 1920"]
[Site "Mittelfranken"]
[Date "2020.03.08"]
[Round "7.6"]
[White "Lutzky, Manfred"]
[Black "Stolpynskyy, Mark"]
[Result "0-1"]
[WhiteElo "1817"]
[BlackElo "1947"]
[PlyCount "46"]
[EventDate "2019.10.13"]
[EventType "team-tourn"]
[EventRounds "9"]
[EventCountry "GER"]
[SourceTitle "EXT 2023"]
[Source "ChessBase"]
[SourceDate "2022.10.05"]
[SourceVersion "1"]
[SourceVersionDate "2022.10.05"]
[SourceQuality "1"]
[WhiteTeam "Nuernberg NT IV"]
[BlackTeam "Nuernberg Sued SW III"]
[WhiteTeamCountry "GER"]
[BlackTeamCountry "GER"]

1. e4 c6 2. d4 d5 3. exd5 cxd5 4. c4 Nf6 5. Nc3 g6 6. Nf3 Bg7 7. c5 0-0 8. Be2 b6 9. b4 a5 10. Na4 Nfd7 11. Qb3 axb4 12. Rb1 bxc5 13. dxc5 Qa5 14. Nb6 Nxb6 15. cxb6 Bf5 16. Bd3 Bc3+ 17. Ke2 Bxd3+ 18. Kxd3 Qxb6 19. a4 Nd7 20. Ke2 Qa6+ 21. Ke3 Nf6 22. Bb2 Qe6+ 23. Kf4 Qe4+ 0-1

[Event "Mittelfranken-chTB2b 1920"]
[Site "Mittelfranken"]
[Date "2019.12.01"]
[Round "3.6"]
[White "Lutzky, Manfred"]
[Black "Berkhout, Theo"]
[Result "1-0"]
[WhiteElo "1817"]
[BlackElo "1575"]
[PlyCount "59"]
[EventDate "2019.10.13"]
[EventType "team-tourn"]
[EventRounds "9"]
[EventCountry "GER"]
[SourceTitle "EXT 2023"]
[Source "ChessBase"]
[SourceDate "2022.10.05"]
[SourceVersion "1"]
[SourceVersionDate "2022.10.05"]
[SourceQuality "1"]
[WhiteTeam "Nuernberg NT IV"]
[BlackTeam "Nuernberg SK 1911 II"]
[WhiteTeamCountry "GER"]
[BlackTeamCountry "GER"]

1. e4 c5 2. c3 Nc6 3. d4 e6 4. Nf3 d6 5. Bd3 Be7 6. 0-0 Nf6 7. Qc2 Qc7 8. Re1 cxd4 9. cxd4 Qa5 10. Bd2 Qh5 11. Nc3 a6 12. Ne2 e5 13. d5 Nd4 14. Nexd4 exd4 15. e5 0-0 16. exf6 Bxf6 17. Bf4 Bg4 18. Be4 Be5 19. Bxe5 dxe5 20. Nxe5 g6 21. Nxg4 Qxg4 22. Bf3 Rac8 23. Qd2 Qh4 24. Re4 Qf6 25. Qxd4 Qxd4 26. Rxd4 Rc2 27. b3 Rfc8 28. d6 b5 29. Bb7 Rd8 30. Bxa6 1-0

[Event "Landesliga Nord 1920"]
[Site "Bayern"]
[Date "2019.11.24"]
[Round "3.8"]
[White "Schmidt, Oliver1111"]
[Black "Lutzky, Manfred"]
[Result "1/2-1/2"]
[WhiteElo "1831"]
[BlackElo "1804"]
[PlyCount "31"]
[EventDate "2019.09.29"]
[EventType "team-tourn"]
[EventRounds "9"]
[EventCountry "GER"]
[SourceTitle "EXT 2021"]
[Source "ChessBase"]
[SourceDate "2020.10.23"]
[SourceVersion "1"]
[SourceVersionDate "2020.10.23"]
[SourceQuality "1"]
[WhiteTeam "Schwandorf"]
[BlackTeam "Nuernberg NT II"]
[WhiteTeamCountry "GER"]
[BlackTeamCountry "GER"]

1. d4 d5 2. c4 e6 3. Nc3 Nf6 4. cxd5 exd5 5. Bg5 Be7 6. e3 Nbd7 7. Bd3 0-0 8. Nge2 Re8 9. 0-0 c6 10. Qc2 Nf8 11. Rad1 Ng6 12. Nf4 Ng4 13. Bxe7 Qxe7 14. Nxg6 hxg6 15. h3 Nh6 16. Ne2 1/2-1/2

[Event "Mittelfranken-chTB2b 1819"]
[Site "Mittelfranken"]
[Date "2019.03.17"]
[Round "7.5"]
[White "Petrov, Mikhail3333"]
[Black "Lutzky, Manfred"]
[Result "1-0"]
[WhiteElo "1960"]
[BlackElo "1797"]
[PlyCount "67"]
[EventDate "2018.10.14"]
[EventType "team-tourn"]
[EventRounds "9"]
[EventCountry "GER"]
[SourceTitle "EXT 2022"]
[Source "ChessBase"]
[SourceDate "2021.10.06"]
[SourceVersion "1"]
[SourceVersionDate "2021.10.06"]
[SourceQuality "1"]
[WhiteTeam "Nuernberg Sued SW III"]
[BlackTeam "Nuernberg Noris Tarrasch IV"]
[WhiteTeamCountry "GER"]
[BlackTeamCountry "GER"]

1. e4 e5 2. Nf3 Nc6 3. d4 exd4 4. Nxd4 Qh4 5. Nc3 Bb4 6. Be2 Qxe4 7. Ndb5 Bxc3+ 8. bxc3 Kd8 9. 0-0 a6 10. Nd4 Nxd4 11. cxd4 Ne7 12. Re1 Qh4 13. d5 d6 14. c4 b6 15. a4 a5 16. Bb2 f6 17. Bd3 Ng6 18. Re4 Qg5 19. Bc1 Qf5 20. Re6 Bxe6 21. Bxf5 Bxf5 22. c5 dxc5 23. d6 Re8 24. Be3 Ne5 25. Bf4 Kd7 26. Bxe5 Rxe5 27. f4 Re6 28. dxc7+ Kxc7 29. Qd5 Rae8 30. Qxf5 g6 31. Qd5 R8e7 32. Rd1 f5 33. Qd8+ Kb7 34. Rd7+ 1-0

[Event "Mittelfranken-chTB2a 1314"]
[Site "Mittelfranken"]
[Date "2013.12.01"]
[Round "3.4"]
[White "Lutzky, Manfred"]
[Black "Lutz, Rainer"]
[Result "0-1"]
[WhiteElo "1880"]
[BlackElo "1847"]
[PlyCount "74"]
[EventDate "2013.10.20"]
[EventType "team-tourn"]
[EventRounds "9"]
[EventCountry "GER"]
[SourceTitle "EXT 2020"]
[Source "ChessBase"]
[SourceDate "2019.10.17"]
[SourceVersion "1"]
[SourceVersionDate "2019.10.17"]
[SourceQuality "1"]
[WhiteTeam "Nuernberg NT V"]
[BlackTeam "Bechhofen II"]
[WhiteTeamCountry "GER"]
[BlackTeamCountry "GER"]

1. e4 e5 2. Nf3 Nc6 3. Bc4 d6 4. c3 Bg4 5. h3 Bh5 6. d3 h6 7. Nbd2 Qd7 8. b4 Nf6 9. Bb3 a6 10. a4 d5 11. Bb2 dxe4 12. dxe4 Bd6 13. 0-0 g5 14. Re1 g4 15. hxg4 Qxg4 16. Re3 Rg8 17. Ne1 Qg5 18. Ndf3 Qg6 19. Qd3 Rd8 20. Qc4 Ng4 21. Rd3 Qf6 22. Rad1 Ne7 23. b5 axb5 24. Qxb5+ Kf8 25. c4 Ng6 26. c5 Be7 27. Rxd8+ Bxd8 28. Qxb7 Nh4 29. Rd3 Nxf2 30. Kxf2 Bxf3 31. Rxf3 Nxf3 32. Nxf3 Qg6 33. Ne1 Qg3+ 34. Ke2 Bg5 35. Qb8+ Kg7 36. Qb4 Rd8 37. Qc4 Rd2+ 0-1

[Event "Mittelfranken-chTB1 1213"]
[Site "Germany"]
[Date "2012.12.02"]
[Round "4.7"]
[White "Ceglar, Michael"]
[Black "Lutzky, Manfred"]
[Result "0-1"]
[WhiteElo "1873"]
[BlackElo "1923"]
[PlyCount "112"]
[EventDate "2012.10.07"]
[EventType "team-tourn"]
[EventRounds "9"]
[EventCountry "GER"]
[SourceTitle "EXT 2019"]
[Source "ChessBase"]
[SourceDate "2018.10.10"]
[SourceVersion "1"]
[SourceVersionDate "2018.10.10"]
[SourceQuality "1"]
[WhiteTeam "Postbauer Heng"]
[BlackTeam "Nuernberg NT III"]
[WhiteTeamCountry "GER"]
[BlackTeamCountry "GER"]

1. e4 e5 2. f4 Qh4+ 3. g3 Qe7 4. fxe5 d6 5. Nc3 dxe5 6. Nd5 Qd6 7. Nf3 Nf6 8. Nxf6+ Qxf6 9. Be2 Bc5 10. c3 Bh3 11. d4 exd4 12. e5 Qb6 13. Nxd4 Nc6 14. Bg4 Bg2 15. Rg1 Bd5 16. e6 0-0 17. Rf1 Nxd4 18. cxd4 Bxd4 19. Rf4 c5 20. Bf5 g6 21. Qg4 Bxe6 22. Bxe6 Qxe6+ 23. Kf1 Qxg4 24. Rxg4 f5 25. Rf4 b6 26. Rb1 Rfe8 27. b4 Re6 28. Bb2 Rd8 29. a4 Kf7 30. a5 Red6 31. Ba3 Be3 32. bxc5 Bxc5 33. Bxc5 bxc5 34. Rc4 Rd1+ 35. Rxd1 Rxd1+ 36. Ke2 Rd5 37. Rc3 Ke6 38. Ke3 Kd6 39. Kf4 h6 40. h4 Rd4+ 41. Ke3 Kc6 42. Ra3 Kb5 43. Ra2 Ra4 44. Rb2+ Kc4 45. Rd2 Ra3+ 46. Kf4 Rd3 47. Re2 Rd4+ 48. Kf3 Re4 49. Rd2 Re6 50. Kf4 h5 51. Rb2 Kd5 52. Rd2+ Kc6 53. Rb2 c4 54. Rb8 Kc5 55. Rb1 c3 56. Rb7 c2 0-1

[Event "Mittelfranken-chTB2b 1011"]
[Site "Germany"]
[Date "2011.04.03"]
[Round "8.6"]
[White "Lutzky, Manfred"]
[Black "Perner, Bastian"]
[Result "1/2-1/2"]
[WhiteElo "1878"]
[BlackElo "1823"]
[PlyCount "97"]
[EventDate "2010.09.26"]
[EventType "team-tourn"]
[EventRounds "9"]
[EventCountry "GER"]
[SourceTitle "EXT 2012"]
[Source "ChessBase"]
[SourceDate "2011.11.24"]
[SourceVersion "1"]
[SourceVersionDate "2011.11.24"]
[SourceQuality "1"]
[WhiteTeam "Nuernberg NT IV"]
[BlackTeam "Heideck/Hilpoltstein"]
[WhiteTeamCountry "GER"]
[BlackTeamCountry "GER"]

1. e4 e5 2. Nf3 Nc6 3. Bc4 Bc5 4. c3 Nf6 5. d4 exd4 6. cxd4 Bb4+ 7. Bd2 Bxd2+ 8. Nbxd2 d5 9. exd5 Nxd5 10. Qb3 Na5 11. Qa4+ c6 12. Bxd5 Qxd5 13. 0-0 0-0 14. Rac1 Qb5 15. Qa3 b6 16. Rfe1 f6 17. b4 Nb7 18. Qb3+ Qd5 19. Rxc6 Qxb3 20. Nxb3 Nd8 21. Rc7 Be6 22. Re7 Bxb3 23. axb3 Nc6 24. Rc7 Rfc8 25. Rxc8+ Rxc8 26. Rc1 Kf7 27. Kf1 g6 28. Rc4 Ke6 29. Ke2 Kd7 30. Kd3 b5 31. Rc5 Nxb4+ 32. Ke4 Rxc5 33. dxc5 Nc6 34. Nd4 Nxd4 35. Kxd4 a5 36. Kd5 a4 37. bxa4 bxa4 38. Kc4 Kc6 39. Kb4 a3 40. Kxa3 Kxc5 41. Kb3 Kd4 42. Kc2 h5 43. Kd2 g5 44. f3 f5 45. h3 f4 46. Ke2 Kc3 47. Ke1 Kd3 48. Kf1 Ke3 49. Ke1 1/2-1/2

[Event "Mittelfranken-chTB2b 0910"]
[Site "Mittelfranken"]
[Date "2010.03.14"]
[Round "8.5"]
[White "Firla, Erwin"]
[Black "Lutzky, Manfred"]
[Result "1/2-1/2"]
[WhiteElo "1919"]
[BlackElo "1871"]
[PlyCount "32"]
[EventDate "2009.10.11"]
[EventType "team-tourn"]
[EventRounds "9"]
[EventCountry "GER"]
[SourceTitle "EXT 2011"]
[Source "ChessBase"]
[SourceDate "2010.11.26"]
[SourceVersion "1"]
[SourceVersionDate "2010.11.26"]
[SourceQuality "1"]
[WhiteTeam "Postbauer Heng II"]
[BlackTeam "Nuernberg NT IV"]
[WhiteTeamCountry "GER"]
[BlackTeamCountry "GER"]

1. e4 e5 2. Nf3 Nc6 3. Bc4 Bc5 4. 0-0 Nf6 5. c3 0-0 6. d4 exd4 7. cxd4 Bb6 8. d5 Ne7 9. e5 Ne8 10. Nc3 d6 11. Re1 dxe5 12. Nxe5 Nd6 13. Bd3 Bf5 14. Be3 Ng6 15. Bxb6 axb6 16. Bxf5 Nxf5 1/2-1/2

[Event "Mittelfranken-chTB1 0809"]
[Site "Mittelfranken"]
[Date "2009.01.25"]
[Round "5.7"]
[White "Popov, Roman1111"]
[Black "Lutzky, Manfred"]
[Result "1-0"]
[WhiteElo "1897"]
[BlackElo "1887"]
[PlyCount "80"]
[EventDate "2008.10.12"]
[EventType "team"]
[EventRounds "9"]
[EventCountry "GER"]
[SourceTitle "EXT 2011"]
[Source "ChessBase"]
[SourceDate "2010.11.26"]
[SourceVersion "1"]
[SourceVersionDate "2010.11.26"]
[SourceQuality "1"]
[WhiteTeam "Fuerth SZ"]
[BlackTeam "Nuernberg NT III"]
[WhiteTeamCountry "GER"]
[BlackTeamCountry "GER"]

1. e4 e5 2. Nf3 Nc6 3. d4 exd4 4. c3 dxc3 5. Bc4 d6 6. Nxc3 Be6 7. Bxe6 fxe6 8. Qb3 Qd7 9. Be3 Be7 10. Rd1 b6 11. 0-0 Bf6 12. Ne2 e5 13. Rd2 Nge7 14. Rc1 Rc8 15. Ng3 Na5 16. Qd1 0-0 17. Bg5 Qe6 18. Bxf6 Qxf6 19. b4 Nb7 20. Qe2 a5 21. a3 axb4 22. axb4 Nd8 23. Qc4+ Qf7 24. Nf5 Nxf5 25. exf5 Qxc4 26. Rxc4 Rxf5 27. Rxd6 Rf6 28. Rd1 Re6 29. Ng5 Re7 30. f3 h6 31. Ne4 Ne6 32. Nc3 Nf4 33. g3 Ne6 34. Nd5 Ree8 35. Rdc1 b5 36. Re4 Ng5 37. Re3 e4 38. fxe4 Rxe4 39. Rxe4 Nxe4 40. Ne7+ Kf7 1-0

[Event "Mittelfranken-chTB1 0809"]
[Site "Mittelfranken"]
[Date "2008.12.07"]
[Round "3.7"]
[White "Schwirzer, Christoph"]
[Black "Lutzky, Manfred"]
[Result "1/2-1/2"]
[WhiteElo "1810"]
[BlackElo "1887"]
[PlyCount "61"]
[EventDate "2008.10.12"]
[EventType "team"]
[EventRounds "9"]
[EventCountry "GER"]
[SourceTitle "EXT 2011"]
[Source "ChessBase"]
[SourceDate "2010.11.26"]
[SourceVersion "1"]
[SourceVersionDate "2010.11.26"]
[SourceQuality "1"]
[WhiteTeam "Gunzenhausen/Weissenburg"]
[BlackTeam "Nuernberg NT III"]
[WhiteTeamCountry "GER"]
[BlackTeamCountry "GER"]

1. d4 d5 2. Nf3 Nf6 3. Bf4 e6 4. e3 Be7 5. c4 0-0 6. Nc3 c6 7. Rc1 Nbd7 8. Bd3 b6 9. 0-0 Bb7 10. a3 Nh5 11. Bg3 Rc8 12. cxd5 cxd5 13. Be5 Nxe5 14. Nxe5 g6 15. Qe2 Bd6 16. f4 f5 17. Nb5 Bb8 18. Qd2 Qe7 19. Nc3 Nf6 20. Rc2 Nd7 21. Nxd7 Qxd7 22. Rfc1 Rc7 23. Qe2 Kf7 24. Bb5 Qe7 25. Bd3 Rfc8 26. Qf2 h6 27. Qe2 Qd7 28. Bb5 Qe7 29. Bd3 Qd7 30. Bb5 Qe7 31. Bd3 1/2-1/2

[Event "Mittelfranken-chTB1 0809"]
[Site "Mittelfranken"]
[Date "2008.10.12"]
[Round "1.7"]
[White "Yin, Stanley"]
[Black "Lutzky, Manfred"]
[Result "0-1"]
[WhiteElo "1814"]
[BlackElo "1887"]
[PlyCount "70"]
[EventDate "2008.10.12"]
[EventType "team"]
[EventRounds "9"]
[EventCountry "GER"]
[SourceTitle "EXT 2011"]
[Source "ChessBase"]
[SourceDate "2010.11.26"]
[SourceVersion "1"]
[SourceVersionDate "2010.11.26"]
[SourceQuality "1"]
[WhiteTeam "Nuernberg NT IV"]
[BlackTeam "Nuernberg NT III"]
[WhiteTeamCountry "GER"]
[BlackTeamCountry "GER"]

1. g3 d5 2. Bg2 Nf6 3. c3 b6 4. d3 Bb7 5. Nf3 e6 6. Na3 Be7 7. Bg5 0-0 8. Nc2 c5 9. 0-0 Nbd7 10. Nd2 h6 11. Bxf6 Nxf6 12. e4 dxe4 13. Nxe4 Qc7 14. Nxf6+ Bxf6 15. f4 Rad8 16. Bxb7 Qxb7 17. Qf3 Qa6 18. Ne1 b5 19. Qe3 b4 20. Qxc5 bxc3 21. bxc3 Rc8 22. Qf2 Bxc3 23. Rb1 Rfd8 24. Nf3 Rxd3 25. Rb3 Rcd8 26. Qe2 Qd6 27. Kg2 Ba5 28. Rb5 Bb6 29. f5 Qc6 30. fxe6 Qxb5 31. exf7+ Kh8 32. Nh4 Qd5+ 33. Rf3 Rd2 34. Ng6+ Kh7 35. f8N+ Rxf8 0-1

[Event "Mittelfrankenliga-B1 0708"]
[Site "Mittelfranken"]
[Date "2008.04.27"]
[Round "9.6"]
[White "Schatz, Werner1111"]
[Black "Lutzky, Manfred"]
[Result "1-0"]
[WhiteElo "1976"]
[BlackElo "1887"]
[PlyCount "63"]
[EventDate "2007.10.14"]
[EventType "team-tourn"]
[EventRounds "9"]
[EventCountry "GER"]
[SourceTitle "EXT 2011"]
[Source "ChessBase"]
[SourceDate "2010.11.26"]
[SourceVersion "1"]
[SourceVersionDate "2010.11.26"]
[SourceQuality "1"]
[WhiteTeam "Fuerth SZ"]
[BlackTeam "Nuernberg NT III"]
[WhiteTeamCountry "GER"]
[BlackTeamCountry "GER"]

1. Nf3 d5 2. g3 Nf6 3. Bg2 e6 4. d3 Be7 5. Nbd2 b6 6. 0-0 Bb7 7. e4 c5 8. e5 Nfd7 9. Re1 Nc6 10. c3 0-0 11. a3 a5 12. d4 Re8 13. Nf1 f6 14. h4 fxe5 15. dxe5 Qc7 16. Bf4 Rad8 17. Ne3 Nf8 18. Qc2 Ng6 19. Ng5 Bxg5 20. Bxg5 Rd7 21. Ng4 d4 22. Rad1 Nge7 23. Be4 g6 24. Nf6+ Kf7 25. Nxd7 Qxd7 26. Qe2 Kg8 27. Bxe7 Rxe7 28. f4 Qc7 29. Qf3 b5 30. h5 gxh5 31. Qxh5 Rg7 32. Qe8# 1-0